The foundations of mathematics : a study in the philosophy of science

Αποθηκεύτηκε σε:
Λεπτομέρειες βιβλιογραφικής εγγραφής
Κύριος συγγραφέας: Beth, Evert Willem
Μορφή: Βιβλίο
Γλώσσα:English
Δημοσίευση: Amsterdam : North-Holland Publishing Company, 1959
Σειρά:Studies in logic and the foundations of mathematics
Θέματα:
Ετικέτες: Προσθήκη ετικέτας
Δεν υπάρχουν, Καταχωρήστε ετικέτα πρώτοι!

MARC

LEADER 00000cam a2200000 i 4500
001 1/4136
008 100203s1959 eng d
035 |l 10106627 
040 |a GR-MY-UA  |b gre  |e aacr 
041 0 |a eng 
082 0 |a 510.1  |2 (22) 
100 1 |a Beth, Evert Willem. 
245 1 4 |a The foundations of mathematics :  |b a study in the philosophy of science /  |c Evert W. Beth 
260 |a Amsterdam :   |b North-Holland Publishing Company,   |c 1959 
300 |a 741 σ.;  |b διαγρ.;  |c 23 εκ. 
490 1 |a Studies in logic and the foundations of mathematics 
504 |a Περιέχει ευρετήριο 
650 0 0 |a Mathematics  |x Philosophy. 
830 0 |a Studies in logic and the foundations of mathematics 
852 |a INST  |b SAMOS  |c MAG  |e 20100203  |h 510.1 BET  |p 005300028521  |q 005300028521  |t BK  |y 0 
901 |a BIBL3-2010-1 
909 |a Σ  |b 158122 
970 |a ΣΙΤΖΙΜΗ  |b ΓΙΑΣΕΜΗ  |z 2010/02/03